Di truyền học động vật

Wedi'i Gadw mewn:
Manylion Llyfryddiaeth
Prif Awdur: Phan, Cự Nhân
Fformat: Llyfr
Iaith:Undetermined
Cyhoeddwyd: Hà Nội Khoa học Kỹ thuật 2001
Pynciau:
Tagiau: Ychwanegu Tag
Dim Tagiau, Byddwch y cyntaf i dagio'r cofnod hwn!
Thư viện lưu trữ: Trung tâm Học liệu Trường Đại học Cần Thơ
LEADER 00521nam a2200193Ia 4500
001 CTU_63237
008 210402s9999 xx 000 0 und d
020 |b 27000 
082 |a 591.35 
082 |b Nh121 
100 |a Phan, Cự Nhân 
245 0 |a Di truyền học động vật 
245 0 |c Phan Cự Nhân 
260 |a Hà Nội 
260 |b Khoa học Kỹ thuật 
260 |c 2001 
650 |a Animal genetics 
904 |i Minh 
980 |a Trung tâm Học liệu Trường Đại học Cần Thơ